Fierce Femmes And Notorious Liars: (Record no. 167345)

MARC details
000 -LEADER
fixed length control field 00619nam a22001937a 4500
005 - DATE AND TIME OF LATEST TRANSACTION
control field 20190828152947.0
010 ## - LCCN (DPL NO)
LC control number ENG-126358
020 ## - INTERNATIONAL STANDARD BOOK NUMBER
Terms of availability 350.00
International Standard Book Number 978-93-85932-64-9
035 ## - SYSTEM CONTROL NUMBER
System control number EN-109890
037 ## - SOURCE OF ACQUISITION
Source of stock number/acquisition DBAD/PUB
082 ## - DEWEY DECIMAL CLASSIFICATION NUMBER
Classification number S
100 ## - MAIN ENTRY--PERSONAL NAME
Personal name Thom,Kai Cheng
245 ## - TITLE STATEMENT
Title Fierce Femmes And Notorious Liars:
Statement of responsibility, etc by Kai Cheng Thom
Remainder of title A Dangerous Trans Girl's Confabulous Memoir/
260 ## - PUBLICATION, DISTRIBUTION, ETC. (IMPRINT)
Place of publication, distribution, etc New Delhi
Name of publisher, distributor, etc Zubaan Publishers Pvt. Ltd
Date of publication, distribution, etc 2019
270 ## - ADDRESS
City New Delhi
Postal code 110049
Address 128 B Shahpur Jat, 1st Floor
Electronic mail address contact@zubaanbooks.com
300 ## - PHYSICAL DESCRIPTION
Extent 188p.
Dimensions 20cm(pbk)
650 ## - SUBJECT ADDED ENTRY--TOPICAL TERM
Topical term or geographic name as entry element ENGLISH STORY
942 ## - ADDED ENTRY ELEMENTS (KOHA)
Source of classification or shelving scheme Dewey Decimal Classification
Item type English Books
Classification part S
Call number suffix THO
Holdings
Withdrawn status Lost status Not for loan Collection code Home library Current library Date acquired Source of acquisition Cost, normal purchase price Full call number Barcode Copy number Cost, replacement price Koha item type
      Fiction Bawana Bawana 28/08/2019 DBAD/PUB 350.00 S THO EN-109890 1 350.00 English Books

© Delhi Public Library
Hit Counter
free hit counter